| 000 | 00553nam a2200169 4500 | ||
|---|---|---|---|
| 999 |
_c12552 _d12552 |
||
| 008 | 240220b ||||| |||| 00| 0 eng d | ||
| 040 | _aBMS College of Architecture | ||
| 100 | _aDhyan Srinivasa | ||
| 245 | _aThe Halo Enlighten yourself with the world of motorsport | ||
| 300 | _a102p. | ||
| 500 | _a1CF19AT030 | ||
| 502 |
_8B,Arch _NBMS College of Architecture, Visvesvaraya Technological University (VTU) _aProject report _d2023 |
||
| 650 | _aMotorsport | ||
| 700 |
_aKetki Bharat Tendolkar _eGuide |
||
| 710 |
_aRamaraju G _aGuide |
||
| 942 | _2ddc | ||